000 01017cab a2200313 4500
001 ABS52719
008 090401t1995 xxu||||| |||| 00| 0 eng d
035 _a(Sirsi) u92831
041 _aeng
100 _aWard, C.
245 4 _aThe implications of new directions
260 _c1995
350 _a0
490 _aPlanning Week
_v3(15) 13 April 1995, 17(1)
520 _aBriefly runs through the implementation of EC conservation directives to protect environmentally sensitive areas referring to the enabling UK legislation.
650 _aBIRDS DIRECTIVE
650 _aCONSERVATION (NATURAL HABITATS ETC) REGULATIONS
650 _aHABITATS DIRECTIVE
650 _aLAPPEL BANK
650 _aPERMITTED DEVELOPMENT
650 _aR V SOS ENVIRONMENT EX P RSPB
650 _aRSPB
650 _aSI 1995:418
650 _aTOWN AND COUNTRY PLANNING (GENERAL PERMITTED DEVELOPMENT) ORDER 1995
690 _aCONSERVATION
690 _aPLANNING LAW AND PRACTICE
942 _n0
948 _c04/03/1997
999 _c58836
_d58836